书目信息 |
| 题名: |
音乐要素分析与视唱练耳训练研究
|
|
| 作者: | 李宁 著 | |
| 分册: | ||
| 出版信息: | 长春 吉林出版集团股份有限公司 2022 |
|
| 页数: | 246页 | |
| 开本: | 26cm | |
| 丛书名: | ||
| 单 册: | ||
| 中图分类: | J613 , J613.1 | |
| 科图分类: | ||
| 主题词: | 基本乐理--教学研究 , 视唱练耳--教学研究 | |
| 电子资源: | ||
| ISBN: | 978-7-5731-2782-2 | |
| 000 | 01024nam0 2200241 450 | |
| 001 | 2335982804 | |
| 005 | 20231205095953.49 | |
| 010 | @a978-7-5731-2782-2@dCNY42.00 | |
| 100 | @a20230616e20232022em y0chiy50 ea | |
| 101 | 0 | @achi |
| 102 | @aCN@b220000 | |
| 105 | @ay z 000yy | |
| 200 | 1 | @a音乐要素分析与视唱练耳训练研究@Ayin yue yao su fen xi yu shi chang lian er xun lian yan jiu@f李宁著 |
| 210 | @a长春@c吉林出版集团股份有限公司@d2022@h20233印 | |
| 215 | @a246页@d26cm | |
| 330 | @a本书以审美为核心、以音乐为内容、以音感训练为手段对音乐要素与视唱练耳训练两个方面进行了分析和研究。本书前半部分讲述了视唱练耳与视唱练耳教学、视唱练耳训练的要求与方法、音乐要素分析及声乐作品音乐要素分析;后半部分讲述了视唱练耳课堂教学、视唱练耳教学中学生审美情感的培养与音乐审美情感的关系、审美情感在视唱练耳教学中的体现等内容。 | |
| 606 | 0 | @a基本乐理@x教学研究 |
| 606 | 0 | @a视唱练耳@x教学研究 |
| 690 | @aJ613@v5 | |
| 690 | @aJ613.1@v5 | |
| 701 | 0 | @a李宁@Ali ning@4著 |
| 801 | 0 | @aCN@b91MARC@c20230716 |
| 905 | @aZUCC@dJ613@e142 | |
| 音乐要素分析与视唱练耳训练研究/李宁著.-长春:吉林出版集团股份有限公司,2022(20233印) |
| 246页;26cm |
| ISBN 978-7-5731-2782-2:CNY42.00 |
| 本书以审美为核心、以音乐为内容、以音感训练为手段对音乐要素与视唱练耳训练两个方面进行了分析和研究。本书前半部分讲述了视唱练耳与视唱练耳教学、视唱练耳训练的要求与方法、音乐要素分析及声乐作品音乐要素分析;后半部分讲述了视唱练耳课堂教学、视唱练耳教学中学生审美情感的培养与音乐审美情感的关系、审美情感在视唱练耳教学中的体现等内容。 |
| ● |
| 相关链接 |
|
|
|
正题名:音乐要素分析与视唱练耳训练研究
索取号:J613/142
 
预约/预借
| 序号 | 登录号 | 条形码 | 馆藏地/架位号 | 状态 | 备注 |
| 1 | 2001264853 | 2001264853 | 辽宁北方(第一批)/辽宁北方(第一批)/272/ [索取号:J613/142] | 在馆 | |
| 2 | 2001264854 | 2001264854 | 辽宁北方(第一批)/辽宁北方(第一批)/272/ [索取号:J613/142] | 在馆 | |
| 3 | 2001264855 | 2001264855 | 辽宁北方(第一批)/辽宁北方(第一批)/272/ [索取号:J613/142] | 在馆 | |
| 4 | 2001264856 | 2001264856 | 辽宁北方(第一批)/辽宁北方(第一批)/272/ [索取号:J613/142] | 在馆 | |
| 5 | 2001264857 | 2001264857 | 辽宁北方(第一批)/辽宁北方(第一批)/272/ [索取号:J613/142] | 在馆 | |
| 6 | 2001264858 | 2001264858 | 辽宁北方(第一批)/辽宁北方(第一批)/272/ [索取号:J613/142] | 在馆 |